000 01168nam a2200337 a 4500
001 25632
003 CO-ViMGA
008 141112s2004 ck r 000 u spa d
020 _a9789583802102
040 _aCO-ViMGA
_bspa
_cCO-ViMGA
041 _aMUL
090 _aP MOR4
100 1 _aMoraes, Vinicius de, 1913 - 1980
_939332
245 1 0 _aAntología sustancial de poemas y canciones /
_cVinicius de Moraes ; selección, traducción y notas de Cristian De Nápoli
250 _a1a ed.
260 _aBogotá :
_bAdriana Hidalgo editora,
_c2013
300 _a394 p. : fot. byn.
500 _aEdición bilingüe español portugués
650 1 4 _aCANCIONES BRASILEÑAS
_939333
650 1 4 _aCOMPOSITORES - ENTREVISTAS
_939334
650 1 4 _aCOMPOSITORES - ENTREVISTAS
_939334
650 1 4 _aCOMPOSITORES - ENTREVISTAS
_939334
650 1 4 _aCOMPOSITORES - ENTREVISTAS
_939334
650 1 4 _aMUSICOS BRASILEÑOS
_939335
650 1 4 _aPOESIA AMOROSA
_92510
650 1 4 _aPOESIA BRASILEÑA - SIGLO XX
_939336
650 1 4 _aPOETAS BRASILEÑOS
_939337
700 1 _aDe Nápoli, Cristian
_939338
700 1 _aDe Nápoli, Cristian
_939338
942 _2ddc
_cBK
999 _c5205
_d5205